[Event "Titled Tuesday intern op 13th Jun Early"]
[Site "Chess.com INT"]
[Date "2023.06.13"]
[Round "10"]
[White "Necula, Iulian"]
[Black "Sovetbekova, Nurai"]
[Result "1-0"]
[WhiteElo "1851"]
[BlackElo "1823"]
[PlyCount "59"]
[EventDate "2023.06.13"]
[EventType "swiss (blitz)"]
[EventRounds "11"]
[EventCountry "USA"]
[SourceTitle "EXT 2024"]
[Source "ChessBase"]
[SourceDate "2023.10.10"]
[SourceVersion "1"]
[SourceVersionDate "2023.10.10"]
[SourceQuality "1"]

1. d4 Nf6 2. Nc3 d5 3. Bf4 Bf5 4. e3 e6 5. Nf3 c5 6. Nb5 Na6 7. c3 Be7 8. Ne5 0-0 9. g4 Be4 10. f3 Bg6 11. h4 h5 12. Nxg6 fxg6 13. g5 Nd7 14. Qc2 cxd4 15. Nxd4 e5 16. Ne6 Qe8 17. Nxf8 exf4 18. Nxd7 Qxd7 19. 0-0-0 fxe3 20. Qxg6 Nc5 21. Rd4 Ne6 22. Bd3 Nxd4 23. Qh7+ Kf8 24. cxd4 Rc8+ 25. Kb1 e2 26. Bg6 Qe6 27. Re1 Bd6 28. Bf5 Qe8 29. Bxc8 Qxc8 30. Qh8+ 1-0

[Event "Titled Tuesday intern op 23rd May Early"]
[Site "Chess.com INT"]
[Date "2023.05.23"]
[Round "1"]
[White "Necula, Iulian"]
[Black "Degenbaev, Aziz"]
[Result "0-1"]
[WhiteElo "1851"]
[BlackElo "2203"]
[PlyCount "92"]
[EventDate "2023.05.23"]
[EventType "swiss (blitz)"]
[EventRounds "11"]
[EventCountry "USA"]
[SourceTitle "CBM 214 Extra"]
[Source "ChessBase"]
[SourceDate "2023.07.31"]
[SourceVersion "1"]
[SourceVersionDate "2023.07.31"]
[SourceQuality "1"]

1. d4 Nf6 2. Nc3 d5 3. Bf4 g6 4. e3 Bg7 5. h4 h5 6. Qd2 0-0 7. 0-0-0 c5 8. Nf3 cxd4 9. exd4 Nc6 10. Ne5 Bf5 11. a3 Rc8 12. f3 a6 13. Kb1 b5 14. Rc1 b4 15. axb4 Nxb4 16. Bd3 Qa5 17. Rce1 Nxd3 18. Nxd3 e6 19. Be5 Rc4 20. Re2 Rfc8 21. Na2 Qxd2 22. Rxd2 Rxc2 23. Rxc2 Bxd3 24. Rhc1 Bh6 25. Nb4 Bxc2+ 26. Rxc2 Rxc2 27. Nxc2 Nd7 28. f4 Nxe5 29. fxe5 a5 30. Ka2 f6 31. exf6 Kf7 32. Kb3 Kxf6 33. Ka4 Bd2 34. b4 axb4 35. Kb3 Kf5 36. g3 Kg4 37. Nxb4 Bxb4 38. Kxb4 Kxg3 39. Kc5 Kxh4 40. Kd6 Kg4 41. Kxe6 h4 42. Kxd5 h3 43. Kc6 h2 44. d5 h1Q 45. Kc5 Kf5 46. d6 Ke6 0-1